The second sex /

'One is not born, but rather becomes, woman'. This book is suitable for those who believe in the equality of the sexes.

Bibliografiset tiedot
Päätekijä: Beauvoir, Simone de, 1908-1986
Muut tekijät: Parshley, H. M. (Howard Madison), 1884-1953, Borde, Constance, Malovany-Chevallier, Sheila
Aineistotyyppi: Kirja
Kieli:English
Julkaistu: London : Vintage Books, c2009.
Aiheet:
Classic Catalogue: View this record in Classic Catalogue
LEADER 04410nam a2200457 a 4500
001 869754
003 BD-DhAAL
005 20250811144258.0
008 100303t19492009enk b 001 0 eng d
010 |a  79129555  
020 |a 009974421x 
020 |a 9780099744214 
020 |a 9780099499381 
040 |a DLC  |c DLC  |d DLC  |d DB-DhAAL 
082 0 0 |a 305.42  |2 21 
100 1 |a Beauvoir, Simone de,  |d 1908-1986.  |9 58993 
240 1 0 |a Deuxième sexe.  |l English 
245 1 4 |a The second sex /  |c Simone de Beauvoir ; edited by H. M. Parshley ; translated by Constance Borde and Sheila Malovany-Chevallier ; with an introduction by Sheila Rowbotham.  
260 |a London :  |b Vintage Books,  |c c2009. 
300 |a 762 pages,  |a xxv, 822 pages. ;   |c 24 cm. 
500 |a Translation of Le deuxième sexe. This ed. originally published: London: Jonathan Cape, 2009.  
504 |a Includes bibliographical references (p. [801]-806) and index. 
505 |a Facts and myths. Destiny. Biological data -- Psychoanalytical point of view -- Point of view of historical materialism -- History -- Myths. Montherlant or the bread of disgust -- D. H. Lawrence or phallic pride -- Claudel or the handmaiden of the Lord -- Breton or poetry -- Stendhal or romancing the real -- Lived experience. Formative years : Childhood -- Girl -- Sexual initiation -- Lesbian -- Situation. Married woman -- Mother -- Social life -- Prostitutes and hetaeras -- From maturity to old age -- Woman's situation and character -- Justifications. Narcissist -- Woman in love -- Mystic -- Toward liberation. Independent woman.  
520 |a 'One is not born, but rather becomes, woman'. This book is suitable for those who believe in the equality of the sexes. 
526 |x Mahruba Mowtushi, PhD Associate Professor Department of English and Humanities BRAC University Corse name and no.: Research Methodology (ENG 301) 
541 1 |a Book Finder International  |e 00015909, 44589, 44590, 44591, 44592, 44593 
650 0 |a Women. 
650 0 |a Feminism. 
650 0 |a Sex role. 
700 1 |a Parshley, H. M.  |q (Howard Madison),  |d 1884-1953.  |9 58994 
700 1 |a Borde, Constance.  |9 58995 
700 1 |a Malovany-Chevallier, Sheila.  |9 58996 
852 4 |a Ayesha Abed Library   |j General Shelf. 
942 |2 ddc  |c BK 
999 |c 7690  |d 7690 
952 |0 0  |1 4  |2 ddc  |3 Need to change call number within the book ;  |4 0  |6 305_420000000000000_BEA  |7 0  |9 8425  |a BRACUL  |b BRACUL  |d 2010-03-03  |l 7  |m 75  |o 305.42 BEA  |p 3010015909  |r 2023-10-02  |s 2023-01-17  |t 1  |w 2010-03-03  |y BK 
952 |0 0  |1 0  |2 ddc  |4 0  |6 305_420000000000000_BEA  |7 0  |9 77982  |a BRACUL  |b BRACUL  |c GEN  |d 2025-08-04  |e Book Finder International   |g 1214.00  |l 1  |m 1  |o 305.42 BEA  |p 3010044591  |q 2025-12-31  |r 2025-12-15  |s 2025-12-15  |t 3  |v 2428.00  |w 2025-08-04  |y BK  |x Requisitioned by Dr. Mahruba Mowtushi (Associate Professor Department of English and Humanities) for the course named- Research Methodology ‘’(ENG 301)’’ 
952 |0 0  |1 0  |2 ddc  |4 0  |6 305_420000000000000_BEA  |7 0  |9 77983  |a BRACUL  |b BRACUL  |c GEN  |d 2025-08-04  |e Book Finder International   |g 1214.00  |l 2  |m 1  |o 305.42 BEA  |p 3010044592  |r 2026-05-03  |s 2026-04-25  |t 4  |v 2428.00  |w 2025-08-04  |y BK  |x Requisitioned by Dr. Mahruba Mowtushi (Associate Professor Department of English and Humanities) for the course named- Research Methodology ‘’(ENG 301)’’ 
952 |0 0  |1 0  |2 ddc  |4 0  |6 305_420000000000000_BEA  |7 0  |9 77984  |a BRACUL  |b BRACUL  |c GEN  |d 2025-08-04  |e Book Finder International   |g 1214.00  |l 1  |m 10  |o 305.42 BEA  |p 3010044593  |r 2026-01-31  |s 2025-11-16  |t 5  |v 2428.00  |w 2025-08-04  |y BK  |x Requisitioned by Dr. Mahruba Mowtushi (Associate Professor Department of English and Humanities) for the course named- Research Methodology ‘’(ENG 301)’’ 
952 |0 0  |1 0  |2 ddc  |4 0  |6 305_420000000000000_BEA  |7 0  |9 77985  |a BRACUL  |b BRACUL  |c GEN  |d 2025-08-04  |e Book Finder International   |g 1214.00  |l 2  |m 1  |o 305.42 BEA  |p 3010044590  |r 2026-03-03  |s 2026-02-17  |t 2  |v 2428.00  |w 2025-08-04  |y BK  |x Requisitioned by Dr. Mahruba Mowtushi (Associate Professor Department of English and Humanities) for the course named- Research Methodology ‘’(ENG 301)’’ 
952 |0 0  |1 0  |2 ddc  |4 0  |6 305_420000000000000_BEA  |7 0  |9 77986  |a BRACUL  |b BRACUL  |c NEW  |d 2025-08-04  |e Book Finder International   |g 1214.00  |l 2  |m 3  |o 305.42 BEA  |p 3010044589  |r 2026-03-05  |s 2026-03-03  |t 1  |v 2428.00  |w 2025-08-04  |y BK  |x Requisitioned by Dr. Mahruba Mowtushi (Associate Professor Department of English and Humanities) for the course named- Research Methodology ‘’(ENG 301)’’